000 00480nmm a2200157Ia 4500
008 251105s9999||||xx |||||||||||||||||und||
020 _a9788431529826
041 _aspa
100 _aCentini, Massimo
245 0 _aEl libro de las supersticiones
264 _a[Madrid, España] :
_bDe Vecchi,
_c[Fecha de publicación no identificada]
300 _a0 páginas
650 _aSocial Sciences (General)
856 _uhttps://public.digitaliapublishing.com/a/122621
942 _cCF
999 _c81222
_d81222